Facilities planning and management / (Record no. 750)

MARC details
000 -LEADER
fixed length control field 00660nam a22001937a 4500
005 - DATE AND TIME OF LATEST TRANSACTION
control field 20230710030950.0
008 - FIXED-LENGTH DATA ELEMENTS--GENERAL INFORMATION
fixed length control field 230131b |||||||| |||| 00| 0 eng d
020 ## - INTERNATIONAL STANDARD BOOK NUMBER
International Standard Book Number 978-971-9654-22-3
082 ## - DEWEY DECIMAL CLASSIFICATION NUMBER
Classification number Fil. 658.2 Se487 2016
100 ## - MAIN ENTRY--PERSONAL NAME
Personal name Serrano, Angelita C.
Relator term author
245 ## - TITLE STATEMENT
Title Facilities planning and management /
Statement of responsibility, etc. Prof. Angelita Ong Camilar-Serrano
260 ## - PUBLICATION, DISTRIBUTION, ETC.
Place of publication, distribution, etc. Manila:
Name of publisher, distributor, etc. Unlimited Books Library Services & Publishing,
Date of publication, distribution, etc. c2016.
300 ## - PHYSICAL DESCRIPTION
Extent viii, 212p.
504 ## - BIBLIOGRAPHY, ETC. NOTE
Bibliography, etc. note Includes bibliographies
541 ## - IMMEDIATE SOURCE OF ACQUISITION NOTE
Accession number 5950 c.1, 5951 c.2, 5952 c.3
650 ## - SUBJECT ADDED ENTRY--TOPICAL TERM
Topical term or geographic name entry element Facility management
650 ## - SUBJECT ADDED ENTRY--TOPICAL TERM
Topical term or geographic name entry element Factories - Design and construction
650 ## - SUBJECT ADDED ENTRY--TOPICAL TERM
Topical term or geographic name entry element Production planning
Holdings
Withdrawn status Lost status Source of classification or shelving scheme Damaged status Not for loan Home library Current library Date acquired Total Checkouts Full call number Barcode Date last seen Copy number Price effective from Koha item type
    Dewey Decimal Classification     ctu-moalboal ctu-moalboal 03/19/2019   Fil. 658.2 Se487 2016 5950 01/31/2023 1 01/31/2023 Books-Filipiniana
    Dewey Decimal Classification     ctu-moalboal ctu-moalboal 03/19/2019   Fil. 658.2 Se487 2016 5951 01/31/2023 2 01/31/2023 Books-Filipiniana
    Dewey Decimal Classification     ctu-moalboal ctu-moalboal 03/19/2019   Fil. 658.2 Se487 2016 5952 01/31/2023 3 01/31/2023 Books-Filipiniana